000 00309nam a2200133Ia 4500
100 _aTheraja/B.L
942 _cBK
654 _adevices
245 _aPrinciples of Electronic Devices and circuits
260 _bS.Chand & co
_aNew Delhi
_c2003
082 _a621.3815
_bTHE
300 _a592
546 _aENGLISH
999 _c33846
_d33846